[Event "Match"]
[Site "www.echecsemail.com"]
[Date "2015.03.05"]
[Round "1"]
[White "Gatoss"]
[Black "F14"]
[WhiteElo "1900"]
[BlackElo "1850"]
[Result "0-1"]
[Round "1"]
1.d4 Ng8f6
2.c4 g6
3.Nb1c3 d5
4.e3 Bf8g7
5.Ng1f3 O-O
6.Bf1d3 dxc4
7.Bd3xc4 Bc8g4
8.h3 Bg4d7
9.O-O c6
10.a3 Qd8c7
11.d5 cxd5
12.Bc4xd5 Bd7c6
13.Bd5xc6 Nb8xc6
14.e4 a6
15.Rf1e1 Rf8d8
16.Qd1c2 Nc6d4
17.Nf3xd4 Rd8xd4
18.Bc1e3 Rd4xe4
19.Ra1d1 e6
20.Qc2b1 Re4c4
21.g3 Nf6h5
22.Kh2 Bg7xc3
23.bxc3 Rc4xc3
24.Be3d4 Rc3c2
25.Rd1c1 Ra8c8
26.Bd4e5 Qc7c5
27.Be5d4 Qc5c6
28.Bd4e3 Rc2xc1
29.Re1xc1 Qc6d7
30.Qb1b2 Rc8xc1
31.Be3h6 Qd7c7
32.Qb2b4 Nh5g7
33.Qb4d4 e5
34.Qd4b2 Rc1c2
35.Qb2b4 Rc2xf2
{ resign }
0-1

[Event "Match"]
[Site "www.echecsemail.com"]
[Date "2015.03.05"]
[Round "1"]
[White "Harrytheking"]
[Black "Carloswhizz"]
[WhiteElo "1720"]
[BlackElo "1760"]
[Result "1-0"]
[Round "1"]
1.c4 c5
2.Ng1f3 Ng8f6
3.Nb1c3 Nb8c6
4.e3 e6
5.Bf1e2 Bf8e7
6.h3 O-O
7.O-O a6
8.b3 d6
9.Bc1b2 Ra8b8
10.d3 b5
11.cxb5 axb5
12.d4 b4
13.Nc3a4 Bc8d7
14.dxc5 dxc5
15.Nf3e5 Nc6xe5
16.Bb2xe5 Rb8b7
17.Be2f3 Rb7a7
18.Qd1c2 Qd8b6
19.Na4xb6 Rf8d8
20.Nb6xd7 Rd8xd7
21.Be5xf6 Be7xf6
22.Ra1c1 Ra7c7
23.Qc2c4 Rd7d2
24.Qc4f4 Rc7c8
25.Bf3b7 Rc8e8
26.Rc1xc5 Rd2xa2
27.Rf1c1 h6
28.Rc5c8 Re8xc8
29.Rc1xc8 Kh7
30.Bb7e4 g6
31.Qf4xf6 { resign }
1-0

[Event "Match"]
[Site "www.echecsemail.com"]
[Date "2015.03.05"]
[Round "1"]
[White "Alanocturna"]
[Black "Sorren"]
[WhiteElo "1580"]
[BlackElo "1840"]
[Result "1-0"]
[Round "1"]
1.g3 d5
2.Bf1g2 Ng8f6
3.d4 e6
4.Nb1c3 Bf8b4
5.a3 Bb4xc3
6.bxc3 Nb8d7
7.Ng1f3 c5
8.c4 O-O
9.cxd5 Nf6xd5
10.dxc5 Nd7xc5
11.Nf3e5 Qd8f6
12.Bc1b2 Nc5a4
13.Qd1d4 Na4xb2
14.Qd4xb2 Ra8b8
15.Ne5d3 Qf6xb2
16.Nd3xb2 Rf8d8
17.O-O b6
18.Ra1d1 Bc8b7
19.c4 { resign }
1-0

[Event "Match"]
[Site "www.echecsemail.com"]
[Date "2015.03.05"]
[Round "1"]
[White "Expert"]
[Black "Guidom"]
[WhiteElo "1680"]
[BlackElo "2040"]
[Result "1-0"]
[Round "1"]
1.d4 d5
2.c4 dxc4
3.Ng1f3 c6
4.a4 b5
5.axb5 cxb5
6.e3 Bc8b7
7.b3 Qd8c8
8.bxc4 bxc4
9.Nf3e5 c3
10.Bf1b5 Bb7c6
11.Qd1a4 f6
12.Ne5xc6 Nb8xc6
13.Bb5xc6 Kf7
14.Qa4b3 e6
15.Bc6xa8 Qc8xa8
16.Nb1xc3 Qa8xg2
17.Rh1f1 Bf8d6
18.Ra1xa7 Ng8e7
19.Bc1a3 Bd6xa3
20.Qb3xa3 Rh8e8
21.Nc3b5 { resign }
1-0

[Event "Match"]
[Site "www.echecsemail.com"]
[Date "2015.03.05"]
[Round "1"]
[White "Wildsmokey"]
[Black "4knights"]
[WhiteElo "2130"]
[BlackElo "1499"]
[Result "0-1"]
[Round "1"]
1.e4 e5
2.Ng1f3 Ng8f6
3.Nf3xe5 d6
4.Ne5f3 Nf6xe4
5.d4 d5
6.Bf1d3 Nb8c6
7.O-O Bf8d6
8.Rf1e1 O-O
9.Bd3xe4 dxe4
10.Re1xe4 Bc8f5
11.Re4e1 Nc6b4
12.Nb1a3 Qd8d7
13.Bc1e3 Rf8e8
14.Nf3h4 Bf5e6
15.c3 Nb4a6
16.Na3c2 Be6d5
17.g3 Qd7h3
18.f4 Re8e6
19.Qd1e2 Ra8e8
20.Qe2f1 Qh3g4
21.Be3d2 Bd6e7
 { time }
0-1

[Event "Match"]
[Site "www.echecsemail.com"]
[Date "2015.03.05"]
[Round "1"]
[White "Hundegana"]
[Black "Chtoubidou"]
[WhiteElo "1910"]
[BlackElo "1880"]
[Result "1-0"]
[Round "1"]
1.d4 d5
2.Bc1f4 Ng8f6
3.f3 c5
4.dxc5 e6
5.b4 a5
6.c3 b6
7.cxb6 Qd8xb6
8.Qd1d4 Qb6xd4
9.cxd4 Bf8xb4
10.Bf4d2 Nb8c6
11.e3 Bc8d7
12.a3 Bb4xd2
13.Nb1xd2 Ra8b8
14.Bf1d3 O-O
15.Ng1e2 e5
16.O-O Rb8b2
17.Nd2b1 exd4
18.Ne2xd4 Nc6xd4
19.exd4 Rf8e8
20.Nb1c3 Re8e3
21.Nc3d1 Re3xd3
22.Nd1xb2 Rd3xd4
23.Rf1e1 Rd4d2
24.Nb2d1 Kf8
25.Ra1b1 { resign }
1-0

[Event "Match"]
[Site "www.echecsemail.com"]
[Date "2015.03.05"]
[Round "1"]
[White "Goofy"]
[Black "Colchester"]
[WhiteElo "2220"]
[BlackElo "1800"]
[Result "1-0"]
[Round "1"]
1.e4 e6
2.d4 d5
3.Nb1c3 Ng8f6
4.e5 Nf6d7
5.f4 c5
6.Ng1f3 Nb8c6
7.Bc1e3 a6
8.Qd1d2 b5
9.dxc5 Bf8xc5
10.Nc3e2 Qd8b6
11.Be3xc5 Qb6xc5
12.Ne2d4 Bc8b7
13.Nd4xc6 Bb7xc6
14.Nf3d4 Ra8c8
15.Bf1e2 O-O
16.c3 Nd7b6
17.O-O Nb6c4
18.Be2xc4 dxc4
19.Kh1 Rf8d8
20.Qd2f2 b4
21.Nd4xc6 Qc5xf2
22.Nc6e7 Kf8
23.Rf1xf2 Kxe7
24.cxb4 Rc8b8
25.a3 Rb8c8
26.Rf2c2 Rd8d4
27.g3 f6
28.exf6 gxf6
29.Ra1c1 e5
30.fxe5 fxe5
31.b3 { resign }
1-0

[Event "Match"]
[Site "www.echecsemail.com"]
[Date "2015.03.05"]
[Round "1"]
[White "Paco"]
[Black "Difficult"]
[WhiteElo "1870"]
[BlackElo "1880"]
[Result "1/2-1/2"]
[Round "1"]
1.e4 d6
2.d4 Ng8f6
3.Nb1c3 g6
4.Ng1f3 Bf8g7
5.Bf1c4 O-O
6.O-O Nf6xe4
7.Nc3xe4 d5
8.Bc4xd5 Qd8xd5
9.Ne4c3 Qd5d8
10.Bc1f4 c6
11.Qd1d2 Bc8e6
12.Bf4h6 Be6d5
13.Rf1e1 Bd5xf3
14.gxf3 e6
15.Re1e4 Nb8d7
16.Re4g4 Nd7f6
17.Bh6xg7 Kxg7
18.Rg4h4 h5
19.Kh1 Nf6d5
20.Rh4h3 Nd5f6
21.Ra1g1 Qd8d6
22.Qd2g5 Rf8h8
23.Nc3e2 Qd6d5
24.Qg5g3 Ra8d8
25.Ne2f4 Qd5d6
26.Qg3g5 Rh8h6
27.c3 Rd8h8
{ draw }
1/2-1/2

[Event "Match"]
[Site "www.echecsemail.com"]
[Date "2015.03.05"]
[Round "1"]
[White "Ditto"]
[Black "Fresnel"]
[WhiteElo "1640"]
[BlackElo "1499"]
[Result "1-0"]
[Round "1"]
1.e4 e5
2.Ng1f3 Nb8c6
3.Bf1c4 Bf8c5
4.d3 Ng8f6
5.Bc1g5 h6
6.Bg5d2 O-O
7.O-O d6
8.Nb1c3 a6
9.a3 Bc8e6
10.Bc4xe6 fxe6
11.Nf3h4 Nf6xe4
12.Nc3xe4 Qd8xh4
13.Ne4g3 Rf8f7
14.c3 Ra8f8
15.Bd2e1 Nc6e7
16.Qd1d2  { time }
1-0

[Event "Match"]
[Site "www.echecsemail.com"]
[Date "2015.03.05"]
[Round "1"]
[White "Saidgermany"]
[Black "Wwgia"]
[WhiteElo "1809"]
[BlackElo "2090"]
[Result "1-0"]
[Round "1"]
1.e4 c5
2.Nb1c3 Nb8c6
3.g3 g6
4.Bf1g2 Bf8g7
5.d3 e6
6.f4 Ng8e7
7.Ng1f3 O-O
8.O-O d5
9.Ra1b1 Nc6d4
10.Nf3xd4 cxd4
11.Nc3e2 dxe4
12.dxe4 Ne7c6
13.e5 Qd8b6
14.Rf1f2 Rf8d8
15.Bg2e4 Nc6b4
16.a3 Nb4d5
17.g4 Nd5c3
18.Ne2xc3 dxc3
19.Qd1f3 cxb2
20.Rb1xb2 Qb6c5
21.Bc1e3 Qc5c7
22.Rb2b1 Rd8d7
23.h4 Qc7d8
24.h5 a6
25.hxg6 hxg6
26.Rf2h2 Ra8b8
27.Be3b6 Qd8e8
28.Qf3h3 Qe8e7
29.Qh3h7 Kf8
30.Bb6a5 Rd7d4
31.Ba5b4 Rd4xb4
32.axb4 Bc8d7
33.Qh7h4 Qe7xh4
34.Rh2xh4 Bd7b5
35.Rh4h2 b6
36.Kg2 Rb8d8
37.Kf3 Ke7
38.g5 Bg7f8
39.Rb1b2 Rd8d1
40.c3 Ke8
41.Rb2d2 { resign }
1-0

[Event "Match"]
[Site "www.echecsemail.com"]
[Date "2015.03.05"]
[Round "1"]
[White "Blackpool"]
[Black "Stevep84"]
[WhiteElo "1960"]
[BlackElo "2120"]
[Result "0-1"]
[Round "1"]
1.d4 c6
2.e4 d5
3.e5 Bc8f5
4.Bf1d3 Bf5xd3
5.Qd1xd3 e6
6.Ng1e2 Qd8b6
7.O-O c5
8.c3 Nb8c6
9.Kh1 c4
10.Qd3c2 Ng8e7
11.Ne2g3 Ne7g6
12.f4 O-O-O
13.f5 Ng6e7
14.fxe6 fxe6
15.Nb1d2 g6
16.b3 Nc6a5
17.bxc4 dxc4
18.Bc1a3 Ne7d5
19.Ra1b1 Qb6c6
20.Ba3xf8 Nd5e3
21.Qc2e4 Ne3xf1
22.Ng3xf1 Rh8xf8
23.Qe4e2 Rf8f5
24.Nf1e3 Rf5f4
25.Nd2xc4 Qc6e4
26.Rb1d1 Na5xc4
27.Qe2xc4 Kb8
{ resign }
0-1

[Event "Match"]
[Site "www.echecsemail.com"]
[Date "2015.03.05"]
[Round "1"]
[White "Ztornad"]
[Black "Krystek23"]
[WhiteElo "1740"]
[BlackElo "2330"]
[Result "0-1"]
[Round "1"]
1.e4 c5
2.c4 e6
3.Nb1c3 Nb8c6
4.Ng1f3 b6
5.b3 a6
6.a4 Bf8e7
7.d4 cxd4
8.Nf3xd4 Bc8b7
9.Nd4xc6 Bb7xc6
10.Bf1d3 Be7c5
11.O-O Qd8c7
12.g3 h5
13.h4 Qc7xg3
14.Kh1 Qg3xh4
15.Kg2 Bc5d4
16.Bc1b2 Rh8h6
17.Rf1h1 Rh6g6
18.Kf1 Qh4xf2
 { time }
0-1

[Event "Eq:CONFOEDERATIONIS HELVETICAE-Clubul Central de Sah : "]
[Site "www.chess-mail.com"]
[Date "2015.03.05"]
[Round "1"]
[White "Rocadamica"]
[Black "Conde7"]
[WhiteElo "2800"]
[BlackElo "2760"]
[Result "1/2-1/2"]
[Round "1"]
1.d4 Ng8f6
2.c4 g6
3.Nb1c3 c5
4.d5 Bf8g7
5.e4 d6
6.Ng1f3 O-O
7.Bf1d3 Bc8g4
8.h3 Bg4xf3
9.Qd1xf3 Nf6d7
10.Qf3d1 Rf8e8
11.O-O e6
12.Rf1e1 exd5
13.exd5 Re8xe1
14.Qd1xe1 Nb8a6
15.Bd3f1 Bg7e5
16.Bc1h6 f5
17.g3 Na6c7
18.Kg2 Be5g7
19.Bh6d2 Qd8f8
20.Qe1d1 Qf8f7
21.a4 Bg7e5
22.Bd2h6 b6
23.a5 bxa5
24.Ra1xa5 f4
25.Nc3e4 fxg3
26.fxg3 Be5d4
27.Bf1d3 Nd7e5
28.Bh6f4 Nc7e8
29.b3 Qf7e7
30.Ra5a6 Qe7b7
31.Ra6a2 Qb7b6
32.Bd3c2 Ne8g7
33.Qd1e1 Ng7h5
34.Bf4h6 Nh5g7
35.Bh6xg7 Kxg7
36.Qe1a5 Qb6xa5
37.Ra2xa5 Ra8f8
38.Bc2d1 Ne5d3
39.Ra5xa7 Kg8
40.Ra7a2 Nd3e1
41.Kh2 Bd4e5
42.h4 Ne1f3
43.Kg2 Nf3d4
44.g4 h5
45.Ne4g5 hxg4
46.Bd1xg4 Rf8f4
47.Ra2a8 Kg7
48.Ra8a7 Kf8
49.Ng5h7 Ke8
50.Bg4d7 Kf7
51.Bd7f5 Ke8
52.Bf5xg6 Kd8
53.Nh7g5 Rf4g4
54.Kf1 Kc8
55.Ra7h7 Be5g3
56.Bg6h5 Rg4xh4
57.Kg2 Bg3e5
58.Bh5d1 Rh4xh7
{ draw }
1/2-1/2

[Event "Eq:Slap Shot Mates-Clubul Central de Sah : "]
[Site "www.chess-mail.com"]
[Date "2015.03.05"]
[Round "1"]
[White "Rocadamica"]
[Black "Edijs"]
[WhiteElo "2810"]
[BlackElo "2780"]
[Result "1-0"]
[Round "1"]
1.e4 c5
2.Ng1f3 e6
3.d4 cxd4
4.Nf3xd4 a6
5.Bf1d3 Ng8f6
6.O-O Qd8c7
7.Kh1 Bf8c5
8.Nd4b3 Bc5e7
9.f4 d6
10.c4 Nb8d7
11.Nb1c3 b6
12.a4 Ra8b8
13.Nb3d4 Bc8b7
14.b4 Rb8c8
15.Qd1e2 O-O
16.Bc1d2 Rf8e8
17.Ra1c1 Qc7b8
18.Nd4b3 Qb8a8
19.Bd3b1 d5
20.e5 dxc4
21.exf6 Nd7xf6
22.Nb3d4 Be7xb4
23.Nd4f3 g6
24.Bd2e1 Bb7xf3
25.Rf1xf3 Qa8c6
26.Qe2b2 Bb4e7
27.Be1f2 Rc8b8
28.Qb2e2 b5
29.Bf2d4 Re8d8
30.Bd4e5 Rb8c8
31.Nc3e4 Nf6d7
32.Be5d4 b4
33.Bb1a2 b3
34.Ba2b1 Qc6xa4
35.Qe2e3 Rc8c6
36.Rf3h3 Nd7f8
37.Qe3c3 f5
38.Bd4h8 Kf7
39.Qc3g7 Ke8
40.Ne4c3 Qa4a3
41.Rc1e1 Qa3c5
42.Re1f1  { time }
1-0

[Event "Eq:CONFOEDERATIONIS HELVETICAE-Los Tercios : "]
[Site "www.chess-mail.com"]
[Date "2015.03.05"]
[Round "1"]
[White "Vasylpuzanov"]
[Black "Asoka"]
[WhiteElo "2000"]
[BlackElo "2650"]
[Result "0-1"]
[Round "1"]
1.c4 Ng8f6
2.Nb1c3 e5
3.e4 Bf8c5
4.d3 c6
5.Bc1e3 Bc5xe3
6.fxe3 d5
7.exd5 cxd5
8.Ng1f3 d4
9.exd4 exd4
10.Nc3e4 Nf6xe4
11.dxe4 Nb8c6
12.Bf1d3 Bc8g4
13.O-O O-O
14.Qd1d2 Qd8e7
15.Ra1c1 Bg4xf3
16.gxf3 Nc6e5
17.f4 Ne5g4
18.Rf1f3 Ng4e3
19.c5 a5
20.c6 bxc6
21.Rc1xc6 Qe7d7
22.Rc6c5 Qd7g4
23.Rf3g3 Qg4xf4
24.Qd2c1 a4
25.Rc5g5 g6
26.Rg5c5 Rf8e8
27.Rc5c4 Re8e5
28.Rc4c2 Re5g5
{ resign }
0-1

[Event "Eq:BEAC Hungary-La Taverne : "]
[Site "www.chess-mail.com"]
[Date "2015.03.05"]
[Round "1"]
[White "Picifarkinca"]
[Black "Jasmartin"]
[WhiteElo "2080"]
[BlackElo "1730"]
[Result "1-0"]
[Round "1"]
1.Ng1f3 g6
2.g3 Bf8g7
3.c4 d6
4.Bf1g2 e6
5.Nb1c3 Nb8a6
6.O-O Na6b4
7.d4 Ng8f6
8.e4 Ra8b8
9.Qd1a4 Nb4c6
10.d5 exd5
11.exd5 Bc8d7
12.dxc6 Bd7e6
13.cxb7 Be6d7
14.Rf1e1 Kf8
15.Qa4a6 Nf6e8
16.Bc1g5 Bg7f6
17.Bg5h6 Bf6g7
18.Bh6e3 Bg7xc3
19.bxc3 c6
20.Ra1b1 Ne8c7
21.Be3h6 Kg8
22.Qa6xa7 c5
23.Qa7b6 f6
24.Qb6xd6 Kf7
25.Bh6f4 Rh8e8
26.Re1xe8 Nc7xe8
27.Qd6xb8 { resign }
1-0

[Event "Eq:MondoScacchi-CONFOEDERATIONIS HELVETICAE : "]
[Site "www.chess-mail.com"]
[Date "2015.03.05"]
[Round "1"]
[White "Agmac"]
[Black "Fragas"]
[WhiteElo "2580"]
[BlackElo "1629"]
[Result "1-0"]
[Round "1"]
1.e4 d5
2.exd5 Ng8f6
3.Bf1b5 Bc8d7
4.Bb5c4 c6
5.dxc6 Nb8xc6
6.Ng1f3 g6
7.O-O Bf8g7
8.d4 Bd7g4
9.c3 O-O
{ time. }
1-0

[Event "Eq:Equipo Juan Diaz-Helvetica B : "]
[Site "www.chess-mail.com"]
[Date "2015.03.05"]
[Round "1"]
[White "Astigitana"]
[Black "Irene"]
[WhiteElo "2450"]
[BlackElo "1970"]
[Result "1-0"]
[Round "1"]
1.d4 d5
2.c4 dxc4
3.Ng1f3 Ng8f6
4.e3 b5
5.a4 c6
6.axb5 cxb5
7.b3 cxb3
8.Bf1xb5 Bc8d7
9.Qd1xb3 Qd8a5
10.Ra1xa5 e6
11.Nf3e5 { resign }
1-0

[Event "Tourn. n8111"]
[Site "www.chess-mail.com"]
[Date "2015.03.05"]
[Round "1"]
[White "Gorgo"]
[Black "Averoes"]
[WhiteElo "2230"]
[BlackElo "2140"]
[Result "1-0"]
[Round "1"]
1.d4 Ng8f6
2.c4 e6
3.Ng1f3 b6
4.g3 Bc8a6
5.b3 Bf8b4
6.Bc1d2 Bb4e7
7.Nb1c3 c6
8.e4 d5
9.e5 Nf6e4
10.Nc3xe4 dxe4
11.Nf3g1 Qd8xd4
12.Ng1e2 Qd4xe5
13.Bf1g2 f5
14.Bd2c3 Qe5c7
15.Ne2f4 O-O
16.Nf4xe6 Qc7c8
17.Ne6xf8 Be7xf8
18.g4 Nb8d7
19.gxf5 Nd7c5
20.Qd1g4 Nc5d3
21.Kf1 Bf8c5
22.Qg4xg7 
1-0

[Event "Match"]
[Site "www.echecsemail.com"]
[Date "2015.03.05"]
[Round "1"]
[White "Arnpriorite"]
[Black "Silent1"]
[WhiteElo "2200"]
[BlackElo "1950"]
[Result "1-0"]
[Round "1"]
1.e4 e5
2.f4 d6
3.Ng1f3 Bc8g4
4.Bf1c4 Ng8f6
5.d3 exf4
6.Bc1xf4 Bf8e7
7.Nb1d2 O-O
8.O-O Nf6h5
9.Bf4e3 Be7g5
10.Be3xg5 Qd8d7
11.Qd1e1 Nb8c6
12.Qe1h4 Nc6e5
13.Nf3xe5 Qd7c8
14.Ne5xg4 g6
15.Bg5h6 Rf8d8
16.Ng4f6 { resign }
1-0

[Event "Match"]
[Site "www.echecsemail.com"]
[Date "2015.03.05"]
[Round "1"]
[White "Drdoom"]
[Black "Cuneiformist"]
[WhiteElo "1760"]
[BlackElo "1299"]
[Result "1-0"]
[Round "1"]
1.e4 c6
2.d4 d5
3.e5 Bc8f5
4.Bf1d3 Bf5xd3
5.Qd1xd3 e6
6.Ng1f3 c5
7.c3 cxd4
8.cxd4 Nb8c6
9.a3 Bf8e7
10.Bc1f4 Ng8h6
11.Nb1c3 Nh6f5
12.O-O O-O
13.Qd3d2 Qd8b6
14.Nc3e2  { time }
1-0

[Event "Tourn. n8001"]
[Site "www.chess-mail.com"]
[Date "2015.03.05"]
[Round "1"]
[White "Fvdp"]
[Black "Korto"]
[WhiteElo "2370"]
[BlackElo "2380"]
[Result "0-1"]
[Round "1"]
1.e4 c5
2.Nb1c3 e6
3.g3 Nb8c6
4.Bf1g2 Qd8c7
5.d3 Ng8f6
6.f4 d6
7.Ng1f3 a6
8.O-O Bf8e7
9.h3 O-O
10.g4 b5
11.a3 Bc8b7
12.f5 b4
13.axb4 cxb4
14.Nc3e2 exf5
15.exf5 h6
16.c3 Rf8e8
17.Ne2f4 d5
18.Bc1d2 Be7d6
19.Nf4e2 a5
20.g5 hxg5
21.Bd2xg5 bxc3
22.Ne2xc3 Qc7b6
23.Kh1 Nf6h5
24.Bg5h4 Nh5f4
25.b3 Nc6b4
26.d4 Qb6c6
27.Nc3a4 Qc6c2
28.Rf1f2 Qc2xf5
29.Nf3g1 Qf5h7
30.Bh4g3 Nf4xh3
31.Ng1xh3 Bd6xg3
32.Rf2f3 Re8e1
33.Qd1xe1 Bg3xe1
34.Ra1xe1 Qh7h4
35.Re1f1 Bb7a6
{ resign }
0-1

[Event "Tourn. n8009"]
[Site "www.chess-mail.com"]
[Date "2015.03.05"]
[Round "1"]
[White "Llcervello"]
[Black "Falcoale"]
[WhiteElo "1720"]
[BlackElo "1880"]
[Result "0-1"]
[Round "1"]
1.e4 c5
2.c3 Nb8c6
3.f4 e6
4.e5 Ng8e7
5.c4 b6
6.d3 Bc8b7
7.g4 Ne7g6
8.Nb1a3 a6
9.Qd1f3 Ra8b8
10.b3 Nc6d4
11.Qf3e3 Bb7xh1
12.Bc1b2 b5
13.Bb2xd4 cxd4
14.Qe3xd4 Qd8h4
15.Qd4f2 Qh4xf2
16.Kxf2 Bf8xa3
17.Ng1h3 O-O
18.Bf1e2 Bh1a8
19.Ra1g1 Ba3c5
20.Ke1 Bc5xg1
21.Nh3xg1 Ng6xf4
22.Be2f1 bxc4
23.dxc4 Nf4g6
24.c5 Ng6xe5
25.h3 Ne5f3
26.Ng1xf3 Ba8xf3
27.Bf1xa6 Rb8a8
28.Kf2 Ra8xa6
29.Kxf3 Ra6xa2
30.Kg3 Rf8b8
{ resign }
0-1

[Event "Tourn. n8122"]
[Site "www.chess-mail.com"]
[Date "2015.03.05"]
[Round "1"]
[White "Vitoriccardo"]
[Black "Iko"]
[WhiteElo "1630"]
[BlackElo "1520"]
[Result "1-0"]
[Round "1"]
1.e4 e5
2.Ng1f3 d6
3.d4 Nb8c6
4.Bf1b5 a6
5.Bb5xc6 bxc6
6.dxe5 Bc8g4
7.O-O Bg4xf3
8.Qd1xf3 dxe5
9.Nb1c3 Ng8h6
10.Bc1xh6 gxh6
11.Ra1d1 Qd8g5
12.Qf3d3 Qg5e7
13.Qd3c4 c5
14.Nc3d5 Qe7d6
15.Nd5c3 Qd6b6
16.Qc4d5 Qb6d6
17.Qd5xa8 Qd6d8
18.Qa8xd8 
1-0

[Event "Match"]
[Site "www.echecsemail.com"]
[Date "2015.03.05"]
[Round "1"]
[White "F14"]
[Black "Ugarovesk"]
[WhiteElo "1860"]
[BlackElo "1699"]
[Result "0-1"]
[Round "1"]
1.e4 d5
2.exd5 Qd8xd5
3.d4 Ng8f6
4.Ng1f3 Bc8g4
5.Bf1e2 e6
6.O-O Bf8e7
7.Bc1e3 c6
8.c4 Qd5a5
9.Nb1c3 Nb8d7
10.h3 Bg4h5
11.a3 Bh5g6
12.Nf3h4 Bg6h5
13.Be2xh5 Qa5xh5
14.Qd1xh5 Nf6xh5
15.Nh4f3 Nd7b6
16.c5 Nb6d7
17.Nf3e5 Nh5f6
18.Ne5xd7 Kxd7
19.b4 Nf6d5
20.Nc3xd5 exd5
21.Ra1a2 Be7f6
22.a4 a6
23.a5 Rh8e8
24.Ra2e2 Bf6xd4
25.Rf1e1 Bd4xe3
26.Re2xe3 Re8xe3
27.Re1xe3 Ra8e8
28.Re3xe8 Kxe8
29.Kf1 Ke7
30.Ke2 Ke6
31.f4 g5
32.fxg5 Kf5
33.h4 Kg4
34.g3 Kxg3
{ resign }
0-1

[Event "Match"]
[Site "www.echecsemail.com"]
[Date "2015.03.05"]
[Round "1"]
[White "Karlgrocer"]
[Black "E4player"]
[WhiteElo "1930"]
[BlackElo "1809"]
[Result "0-1"]
[Round "1"]
1.Ng1f3 Ng8f6
2.d4 c5
3.dxc5 e6
4.b4 a5
5.c3 axb4
6.cxb4 b6
7.cxb6 Bf8xb4
8.Bc1d2 Qd8xb6
9.e3 Nb8c6
10.Bf1e2 Bc8a6
11.O-O O-O
12.a3 Bb4xd2
13.Nb1xd2 Rf8c8
14.Nd2c4 Qb6c5
15.Nc4d2 Ba6xe2
16.Qd1xe2 Ra8xa3
17.Ra1xa3 Qc5xa3
18.h3 d5
19.Qe2b5 Qa3c3
20.Rf1b1 h6
21.Qb5a4 Nc6e5
22.Rb1b2 Ne5xf3
{ resign }
0-1

[Event "Match"]
[Site "www.echecsemail.com"]
[Date "2015.03.05"]
[Round "1"]
[White "Neo"]
[Black "Pinehill"]
[WhiteElo "1760"]
[BlackElo "1770"]
[Result "1-0"]
[Round "1"]
1.e3 e5
2.d3 Ng8f6
3.Bf1e2 d5
4.Nb1c3 Bf8b4
5.Bc1d2 O-O
6.Ng1f3 c6
7.Nf3xe5 d4
8.exd4 Qd8xd4
9.Ne5f3 Qd4b6
10.O-O Bc8g4
11.a3 Bb4d6
12.Nc3e4 Nf6xe4
13.dxe4 Rf8e8
14.Be2d3 Nb8d7
15.b4 Nd7e5
16.Bd3e2 Ra8d8
17.Bd2e3 Ne5xf3
18.Be2xf3 c5
19.Bf3xg4 Re8xe4
20.Qd1f3 Re4e7
21.c3 Qb6c7
22.g3 b6
23.b5 f6
24.Ra1d1 a5
25.a4 Bd6e5
26.Rd1xd8 Qc7xd8
27.c4 Kf7
28.Rf1d1 Qd8c7
29.Qf3d5 Kf8
30.Qd5a8 Re7e8
31.Qa8e4 g6
32.Be3h6 Kf7
33.Qe4d5 { resign }
1-0

[Event "Match"]
[Site "www.echecsemail.com"]
[Date "2015.03.05"]
[Round "1"]
[White "Conde7"]
[Black "Schwiizer"]
[WhiteElo "2730"]
[BlackElo "2610"]
[Result "1/2-1/2"]
[Round "1"]
1.e4 e5
2.Ng1f3 Nb8c6
3.Bf1b5 Ng8f6
4.d3 d6
5.a4 Bf8e7
6.O-O O-O
7.Bb5c4 a6
8.h3 Nc6a5
9.Bc4a2 c5
10.Bc1g5 Bc8e6
11.Rf1e1 Na5c6
12.Nb1c3 Nc6b4
13.Ba2c4 Ra8c8
14.Bg5d2 h6
15.a5 Qd8d7
16.Nf3h2 Nb4c6
17.Nh2f1 d5
18.Bc4xd5 Nf6xd5
19.Nc3xd5 Be6xd5
20.exd5 Qd7xd5
21.Nf1e3 Qd5e6
22.Ne3c4 Qe6f5
23.Bd2c3 f6
24.Nc4b6 Rc8d8
25.Ra1a4 Qf5g6
26.Qd1f3 Qg6f7
27.Nb6c4 Be7d6
28.Ra4a3 Rf8e8
29.Ra3b3 Bd6b8
30.Rb3b6 Re8e6
31.Nc4d2 Re6d6
32.Nd2c4 Rd6e6
33.Nc4d2 Bb8a7
34.Rb6b3 Re6d6
35.Nd2c4 Rd6d5
36.h4 Nc6d4
37.Bc3xd4 cxd4
38.g4 Rd5b5
39.Rb3xb5 axb5
40.Nc4a3 Qf7e7
41.Kf1 Ba7c5
42.Na3xb5 Bc5b4
43.Re1a1 Qe7c5
44.Qf3xb7 Qc5xc2
45.Qb7b6 Kh7
{ draw }
1/2-1/2

[Event "1/128 Finale"]
[Site "www.chess-mail.com"]
[Date "2015.03.05"]
[Round "1"]
[White "Algebra"]
[Black "Nimzo2"]
[WhiteElo "1529"]
[BlackElo "1659"]
[Result "1-0"]
[Round "1"]
1.d4 Ng8f6
2.c4 g6
3.Nb1c3 Bf8g7
4.e4 d6
5.Ng1f3 O-O
6.Bf1e2 e5
7.O-O Nb8c6
8.d5 Nc6e7
9.Nf3e1 Nf6e8
10.f3 f5
11.Bc1e3 f4
12.Be3d2 g5
13.Ne1d3 c6
14.a4 cxd5
15.cxd5 Ne7g6
16.Ra1c1 Rf8f7
17.Nc3b5 Bg7f8
18.Qd1c2 Bc8d7
19.b3 h5
20.Nd3f2 Bd7xb5
21.Be2xb5 Rf7g7
22.a5 a6
23.Bb5d3 Ng6h8
24.b4 g4
25.fxg4 hxg4
26.g3 Nh8f7
27.b5 Rg7g6
28.bxa6 bxa6
29.Qc2d1 Qd8d7
30.gxf4 g3
31.hxg3 Rg6xg3
32.Kh2 { resign }
1-0

[Event "1/32 Finale"]
[Site "www.chess-mail.com"]
[Date "2015.03.05"]
[Round "1"]
[White "E4player"]
[Black "Derfel83"]
[WhiteElo "2470"]
[BlackElo "1790"]
[Result "1-0"]
[Round "1"]
1.e4 c5
2.Nb1c3 e6
3.Bf1c4 Nb8c6
4.Ng1f3 a6
5.d4 b5
6.d5 Nc6b4
7.Bc4e2 exd5
8.exd5 Bc8b7
9.a3 Nb4xc2
10.Qd1xc2 Bf8d6
11.O-O Ng8f6
12.Bc1g5 h6
13.Bg5xf6 Qd8xf6
14.Nc3e4 Qf6g6
15.Nf3h4 Bd6xh2
16.Kxh2 Qg6b6
17.Nh4f5 O-O
18.Qc2c3 f6
19.Qc3g3 { resign }
1-0

[Event "Tourn. n8087"]
[Site "www.chess-mail.com"]
[Date "2015.03.06"]
[Round "1"]
[White "Libiesse"]
[Black "Maxlou"]
[WhiteElo "1920"]
[BlackElo "1840"]
[Result "1-0"]
[Round "1"]
1.d4 g6
2.c4 f5
3.Ng1f3 Ng8f6
4.Bc1g5 Nf6e4
5.Qd1c2 Ne4xg5
6.Nf3xg5 e5
7.Ng5f3 e4
8.Nf3g1 Bf8h6
9.e3  { time }
1-0

[Event "Tourn. n8015"]
[Site "www.chess-mail.com"]
[Date "2015.03.06"]
[Round "1"]
[White "Olddog55"]
[Black "Fresnel"]
[WhiteElo "1700"]
[BlackElo "1499"]
[Result "1-0"]
[Round "1"]
1.d4 Ng8f6
2.Ng1f3 e6
3.e3 c5
4.b3 cxd4
5.exd4 d5
6.Bf1d3 Nb8c6
7.Bc1b2 Bf8b4
8.c3 Bb4d6
9.h3 O-O
10.O-O Bc8d7
11.c4 Nc6b4
12.Bd3e2 Nb4c6
13.Bb2c3 Nf6e4
14.Be2d3 f5
15.Nf3e5 Nc6xe5
16.dxe5 Ne4xc3
17.Nb1xc3 Bd6xe5
18.Ra1c1 Ra8c8
19.f4 Be5d4
20.Kh1 Qd8a5
21.Nc3e2 Bd4e3
22.Rc1c2 d4
23.c5 Rc8xc5
24.Qd1b1 Rf8c8
25.b4 Qa5d8
26.bxc5 Bd7a4
27.Rc2c4 Ba4c6
28.Qb1b2 Bc6d5
29.Rc4a4 Rc8xc5
30.Ra4xa7 Rc5c3
31.Ne2xc3 dxc3
32.Qb2xc3  { time }
1-0

[Event "Tourn. n7938"]
[Site "www.chess-mail.com"]
[Date "2015.03.06"]
[Round "1"]
[White "Sonivano"]
[Black "Cardiff"]
[WhiteElo "2300"]
[BlackElo "2120"]
[Result "1-0"]
[Round "1"]
1.e4 c6
2.d4 g6
3.Ng1f3 Bf8g7
4.Bf1e2 d5
5.exd5 cxd5
6.O-O Ng8f6
7.Nb1c3 O-O
8.Bc1f4 a6
9.Qd1d2 Nf6e4
10.Qd2e3 Ne4xc3
11.Qe3xc3 Nb8c6
12.Qc3d2 Bc8g4
13.c3 e6
14.Bf4h6 Bg4xf3
15.Be2xf3 Qd8d7
16.Rf1e1 b5
17.Bh6xg7 Kxg7
18.Re1e3 Nc6a5
19.Bf3e2 Na5c4
20.Be2xc4 bxc4
21.Re3h3 h5
22.g4 hxg4
23.Qd2h6 Kf6
24.Qh6h4 Kg7
25.Qh4h6 Kf6
26.Qh6h4 Kg7
27.Qh4xg4 Rf8h8
28.Rh3g3 Ra8b8
29.Qg4e2 Qd7b7
30.Qe2e5 Kg8
31.Ra1e1 Rb8c8
32.Re1e3 Qb7c7
33.Qe5f6 Rh8h6
34.Rg3h3 Rh6xh3
35.Re3xh3 { resign }
1-0

[Event "Tourn. n8046"]
[Site "www.chess-mail.com"]
[Date "2015.03.06"]
[Round "1"]
[White "E4player"]
[Black "Colchester"]
[WhiteElo "1809"]
[BlackElo "1850"]
[Result "1-0"]
[Round "1"]
1.e4 e6
2.d4 d5
3.Nb1c3 dxe4
4.Nc3xe4 Nb8d7
5.Ng1f3 Ng8f6
6.Ne4xf6 Nd7xf6
7.Bf1d3 c5
8.O-O cxd4
9.Nf3xd4 Bf8e7
10.Bc1f4 O-O
11.c3 Bc8d7
12.Rf1e1 Be7c5
13.Bf4e5 Bc5xd4
14.Be5xd4 Bd7c6
15.Re1e5 Nf6d7
16.Qd1h5 Nd7f6
17.Qh5h3 g6
18.Qh3h4 Nf6d5
19.Qh4xh7 Kxh7
20.Re5h5 { resign }
1-0

[Event "Tourn. n7798"]
[Site "www.chess-mail.com"]
[Date "2015.03.06"]
[Round "1"]
[White "Danquigley"]
[Black "Pgcbies"]
[WhiteElo "2550"]
[BlackElo "2790"]
[Result "0-1"]
[Round "1"]
1.e4 e5
2.Ng1f3 Nb8c6
3.g3 Ng8f6
4.d3 d5
5.exd5 Nf6xd5
6.Bf1g2 Bf8d6
7.O-O O-O
8.Rf1e1 Bc8g4
9.h3 Bg4f5
10.Nb1c3 Nd5xc3
11.bxc3 Ra8b8
12.Bc1e3 b6
13.Qd1e2 Qd8c8
14.Nf3g5 Nc6e7
15.Kh2 c6
16.Ng5e4 Bd6c7
17.Be3g5 f6
18.Bg5c1 Rf8e8
19.a4 Bf5e6
20.a5 bxa5
21.c4 Ne7f5
22.c3 Re8d8
23.Re1d1 Be6f7
24.Bg2f3 Bc7b6
25.Bc1a3 Qc8e6
26.Bf3g4 g6
27.Bg4f3 Kg7
28.Bf3g2 Bb6c7
29.Qe2c2 h5
30.Qc2a4 Bc7b6
31.Ra1b1 Bf7e8
32.Qa4c2 g5
33.Rb1a1 Be8g6
34.Qc2e2 Bb6c7
35.Ne4c5 Qe6c8
36.Kg1 h4
37.g4 Nf5d6
38.d4 e4
39.Rd1e1 Rd8e8
40.Qe2f1 Rb8b6
41.Ba3c1 Bc7b8
42.Qf1e2 Qc8c7
43.Ra1xa5 Rb6b1
44.Ra5a2 Nd6f5
45.Re1d1 Qc7h2
46.Kf1 Rb1xc1
47.Rd1xc1 Qh2f4
48.gxf5 Qf4xc1
49.Qe2e1 Qc1xe1
50.Kxe1 Bg6xf5
51.Ra2e2 a5
52.d5 Bb8f4
53.dxc6 a4
54.Nc5xa4 Re8a8
55.Na4b2 Ra8a1
56.Nb2d1 e3
57.Re2b2 exf2
58.Ke2 f1Q
59.Bg2xf1 g4
60.Nd1f2 g3
61.Nf2g4 Ra1c1
62.Rb2b7 Kg6
63.Rb7e7 Bf5xg4
64.hxg4 Rc1c2
{ resign }
0-1